[Event "ICS rated blitz match"]
[Site "207.99.83.227"]
[Date "1999.03.25"]
[Round "?"]
[White "TDChess"]
[Black "Hossa"]
[Result "1-0"]
[WhiteElo "2610"]
[BlackElo "2458"]
[Annotator "Crafty v16.6"]
[PlyCount "61"]

{annotating for player Hossa using a scoring margin of +0.10 pawns. search
time limit is 12.00} 1. Nf3 1... Nc6 2. e4 Nf6 3. e5 Ng4 4. d4 d6 5. Bb5 dxe5
6. h3 e4 7. hxg4 exf3 8. Qxf3 Bd7 9. Be3 Nxd4 10. Bxd4 Bxb5 11. Qxb7 Bd7 12. f3
a6 ({9:-0.92} 12... a6 13. Nd2 c5 14. Bxc5 Rb8 15. Qxa6 Rxb2 16. Qd3 16... Qc7
$16) ({9:-0.70} 12... c5 13. Bxc5 Rb8 14. Qxa7 Rxb2 15. Na3 Bc6 16. Bd4 16...
Rb4 $14) 13. Nd2 Rb8 14. Qxa6 Bxg4 15. Be5 f6 ({9:-1.90} 15... f6 16. fxg4 fxe5
17. Rxh7 Rxh7 18. Qg6+ Kd7 19. O-O-O Rh6 20. Ne4+ Kc8 21. Rxd8+ Kxd8 22. Qf7
$18) ({9:-1.29} 15... Rb6 16. Qc4 Re6 17. Qa4+ c6 18. O-O-O Bf5 19. Nc4 Qc8 20.
Qb4 $16) 16. fxg4 fxe5 17. O-O-O Qd6 18. Qa4+ c6 19. Nc4 Qe6 20. Rhe1 e4 21.
Qa7 Rc8 22. Rxe4 Qh6+ 23. Kb1 Kf7 24. Qd7 Rb8 25. g5 Rb5 26. gxh6 gxh6 27. Nd6+
Kg7 28. Ne8+ Kf7 29. Rf1+ Rf5 30. Qxf5+ Kg8 31. Qxf8# 1-0

[Event "ICS rated bullet match"]
[Site "207.99.83.227"]
[Date "1999.03.25"]
[Round "?"]
[White "Hossa"]
[Black "TDChess"]
[Result "0-1"]
[WhiteElo "2459"]
[BlackElo "2624"]
[Annotator "Crafty v16.6"]
[PlyCount "172"]

{annotating for player Hossa using a scoring margin of +0.10 pawns. search
time limit is 12.00} 1. e4 1... e6 2. d4 d5 3. Nc3 Bb4 4. Qg4 Nf6 5. Qxg7 Rg8
6. Qh6 Rg6 7. Qh3 dxe4 8. Nge2 e5 9. Qe3 exd4 10. Nxd4 Qe7 11. Bd2 Bc5 12. Na4
Nd5 13. Qb3 Bxd4 14. Qxd5 Rd6 15. Qb5+ Nc6 16. Bg5 Qe5 17. Qxe5+ Bxe5 18. Bb5
Rg6 19. h4 f6 20. Bxc6+ bxc6 21. Be3 Rxg2 22. O-O-O Rg8 23. Nc5 Bg4 24. Rhg1
Kf7 25. Rd2 Bf5 26. Re1 Rg4 27. h5 Rh4 28. h6 Rg4 29. Red1 Rgg8 30. Rh1 Ke7 31.
Re1 Bd6 32. Nb7 Be6 33. Rd4 f5 34. Red1 Be5 35. Rb4 Bxa2 36. b3 Rg6 37. Ra4
Bxb3 38. cxb3 Bd6 39. Ra5 f4 40. Rxa7 Rxa7 41. Bxa7 Rxh6 42. Bd4 Ke6 43. Kc2
Rg6 44. Rh1 h6 45. Nd8+ Kf5 46. Nxc6 Bf8 47. Ne5 Rg2 48. Rh5+ Ke6 49. b4 Bxb4
50. Kb3 Be7 51. Nc6 Bg5 52. Kb4 Kd6 53. Na5 Kd7 54. Nc4 Rg1 55. Kc5 Ke6 56. Be5
e3 57. fxe3 fxe3 58. Rh2 Be7+ 59. Kb5 Rb1+ 60. Kc6 Rc1 61. Rxh6+ Kf5 62. Kb5 e2
63. Bg3 Kg4 64. Rg6+ Bg5 65. Bf2 Rf1 66. Ne3+ Kh5 67. Re6 Rxf2 68. Nc4 Bf6 69.
Na3 Rf5+ 70. Kc6 Re5 71. Rxe5+ Bxe5 72. Nc2 Bg3 73. Kd7 c5 74. Kc6 c4 75. Kd5
c3 76. Nd4 e1=Q 77. Kc4 c2 78. Nxc2 Qe2+ 79. Kc3 Be5+ 80. Nd4 Qb5 81. Kd2 Qa5+
82. Ke3 Qb6 83. Ke4 Qxd4+ 84. Kf3 Kh4 85. Kg2 Qf4 86. Kh1 Qh2# 0-1

[Event "ICS rated blitz match"]
[Site "207.99.83.227"]
[Date "1999.03.25"]
[Round "?"]
[White "Hossa"]
[Black "TDChess"]
[Result "0-1"]
[WhiteElo "2449"]
[BlackElo "2619"]
[Annotator "Crafty v16.6"]
[PlyCount "108"]

{annotating for player Hossa using a scoring margin of +0.10 pawns. search
time limit is 12.00} 1. e4 1... e6 2. d4 d5 3. Nc3 Bb4 4. Qg4 Nf6 5. Qxg7 Rg8
6. Qh6 Rg6 7. Qh3 dxe4 8. Nge2 e5 9. Qe3 exd4 10. Nxd4 Qe7 11. Bd2 Bc5 12. Nce2
({8:-0.29} 12. Nce2 12... Ng4 13. Qb3 Rb6 14. Qa4+ Bd7 15. Qa5 Nc6 16. Qc3 $10)
({8:+0.41} 12. Na4 12... Nd5 13. Qb3 Bxd4 14. Qxd5 Rd6 15. Bb5+ Nd7 16. Qf5 $14
) 12... Ng4 13. Qc3 Nc6 14. h3 ({7:-1.74} 14. h3 14... Nxf2 15. Nxc6 Rxc6 16.
Rh2 Qf6 17. Qxf6 Rxf6 18. Nf4 $19) ({7:-0.67} 14. a3 14... Nxd4 15. Nxd4 Qe5
16. Be3 Nxh2 17. O-O-O Nxf1 18. Rdxf1 Rxg2 19. Rxh7 $15) 14... Nxf2 15. Nxc6
Rxc6 16. Qh8+ Qf8 17. Qxf8+ Kxf8 18. Rh2 e3 19. Bc3 Bf5 20. Nd4 Bxd4 21. Bxd4
Rxc2 22. Be2 Nd3+ 23. Kf1 Nc1 24. g4 Nxe2 25. Bxe3 Bd3 26. Rd1 Bc4 27. Bh6+ Kg8
28. Rd2 Nc3+ 29. Kg1 Rc1+ 30. Kg2 Nxa2 31. Rd7 Be6 32. Re7 Rc6 33. Bf4 Rc8 34.
Kh1 Nb4 35. Be3 a5 36. Bg5 Nd5 37. Rf2 Nxe7 38. Bxe7 Re8 39. Bf6 Bd5+ 40. Kg1
Re1+ 41. Kh2 Rxf6 42. Rxf6 Re2+ 43. Kg3 Rg2+ 44. Kh4 Rxb2 45. Rf5 c6 46. Re5 a4
47. Re8+ Kg7 48. Ra8 b5 49. Kh5 Rb3 50. Kh4 f6 51. Rd8 Kg6 52. Rc8 a3 53. g5
fxg5+ 54. Kg4 h5# 0-1

[Event "ICS rated blitz match"]
[Site "207.99.83.227"]
[Date "1999.03.25"]
[Round "?"]
[White "EXchess"]
[Black "Hossa"]
[Result "1-0"]
[WhiteElo "2432"]
[BlackElo "2440"]
[Annotator "Crafty v16.6"]
[PlyCount "106"]

{annotating for player Hossa using a scoring margin of +0.10 pawns. search
time limit is 12.00} 1. e4 1... e5 2. Nf3 Nc6 3. Bb5 a6 4. Ba4 Nf6 5. O-O Be7
6. Re1 b5 7. Bb3 O-O 8. c3 d6 9. h3 Na5 10. Bc2 Bb7 11. d3 Nc6 12. Bb3 Qe8 ({
8:-0.16} 12... Qe8 13. Bg5 Nh5 14. Be3 Qd7 15. Qd2 Na5 16. Bd5 Bxd5 17. exd5
$10) ({8:+0.00} 12... Na5 13. Bc2 13... Nc6 $10) 13. d4 Rd8 14. Qe2 Nb8 ({
8:-0.24} 14... Nb8 15. dxe5 dxe5 16. Nxe5 Bc5 17. Nxf7 Rxf7 18. Bxf7+ Qxf7 19.
Bg5 $10) ({8:+0.13} 14... exd4 15. cxd4 Na5 16. Bc2 Qd7 17. Nc3 Rfe8 18. Bg5
18... Nc4 $10) 15. Nbd2 Nbd7 16. a4 exd4 17. cxd4 bxa4 18. Bxa4 Rb8 19. d5 Qc8
20. b4 Nb6 21. Nd4 Nxa4 22. Rxa4 Re8 23. N2f3 Nd7 24. Bf4 Bf6 25. Qd2 Nb6 26.
Raa1 Bxd4 27. Nxd4 Qd8 28. Rac1 Qf6 29. Rxc7 Nxd5 30. exd5 Rxe1+ 31. Qxe1 Bxd5
32. Qc3 Rd8 33. Rc8 Bb7 34. Rxd8+ Qxd8 35. Nf5 f6 36. Qe3 Qd7 37. Nxd6 Bd5 38.
Qb6 g5 39. Be3 Bc6 40. Bc5 Bd5 41. Qxa6 h5 42. Qd3 Bf7 43. b5 g4 44. b6 Qa4 45.
b7 Qa1+ 46. Qf1 Qb2 47. Qb5 Qa1+ 48. Kh2 Qe5+ 49. g3 Be6 50. b8=Q+ Kh7 51.
Q5b7+ Bd7 52. Qxd7+ Qe7 53. Qxe7+ Kh6 1-0

[Event "ICS rated blitz match"]
[Site "207.99.83.227"]
[Date "1999.03.25"]
[Round "?"]
[White "Hossa"]
[Black "EXchess"]
[Result "0-1"]
[WhiteElo "2424"]
[BlackElo "2448"]
[Annotator "Crafty v16.6"]
[PlyCount "87"]

{annotating for player Hossa using a scoring margin of +0.10 pawns. search
time limit is 12.00} 1. e4 1... c5 2. Bc4 Nc6 3. Nf3 d6 4. O-O ({8:-0.03} 4.
O-O 4... e5 5. d4 Nxd4 6. Nxd4 cxd4 7. Qh5 g6 8. Bb5+ 8... Bd7 $10) ({8:+0.23} 
4. d4 4... cxd4 5. Nxd4 Nf6 6. Nxc6 bxc6 7. Nc3 Bg4 8. Qd4 8... e6 $10) 4...
Nf6 5. d3 ({8:-0.14} 5. d3 5... Bg4 6. Bg5 e5 7. Nbd2 h6 8. Be3 8... Be7 $10) (
{8:-0.01} 5. Qe1 5... Ng4 6. Nc3 e5 7. h3 Nh6 8. Nd5 8... Be6 $10) 5... e6 6.
Bb5 ({9:-0.12} 6. Bb5 6... e5 7. c3 Be7 8. d4 O-O 9. dxe5 Nxe4 10. Qd5 $10) ({
9:+0.22} 6. Nc3 6... Be7 7. d4 d5 8. exd5 exd5 9. Bb5 O-O 10. dxc5 Bxc5 11. Bf4
$10) 6... Bd7 7. Bxc6 ({8:-0.17} 7. Bxc6 7... Bxc6 8. e5 Ng4 9. Re1 Qc7 10. Bf4
Bxf3 11. Qxf3 11... Nxe5 $10) ({8:-0.04} 7. Bg5 7... e5 8. Na3 Be7 9. Nc4 h6
10. Bh4 10... Bg4 $10) 7... Bxc6 8. Bf4 ({9:-0.72} 8. Bf4 8... e5 9. Bd2 Be7
10. b4 cxb4 11. Bxb4 O-O 12. Nc3 12... Ng4 $17) ({9:-0.24} 8. e5 8... Ng4 9.
Re1 Be7 10. Bf4 O-O 11. exd6 Bxd6 12. Bxd6 Qxd6 13. Nbd2 $10) 8... e5 9. Bg5
Be7 10. Nbd2 O-O 11. Nc4 Ng4 12. Bd2 b5 13. Na5 Be8 14. Rc1 ({9:-0.90} 14. Rc1
14... b4 15. Nc4 Bb5 16. c3 bxc3 17. Bxc3 Rb8 18. Qe2 18... Qd7 $17) ({9:-0.60
} 14. b4 14... Qc7 15. bxc5 dxc5 16. Rb1 Rc8 17. Qe1 Qd6 18. Bg5 Bd8 19. Bxd8
19... Rxd8 $15) 14... a6 15. Nb3 ({9:-0.95} 15. Nb3 15... a5 16. Ne1 Nf6 17.
Bg5 Nd7 18. Bxe7 Qxe7 19. Qh5 19... Qe6 $17) ({9:-0.59} 15. b4 15... Qc7 16.
Qe2 Rc8 17. Nb3 cxb4 18. Bxb4 Qd7 19. c4 Qe6 20. cxb5 20... Bxb5 $15) 15... a5
16. Be3 a4 17. Nbd2 f5 18. exf5 Rxf5 19. Qe2 a3 20. b3 Kh8 21. Rce1 d5 22. Nh4
Bxh4 23. Qxg4 Bd7 24. Nf3 Be7 25. Qg3 Ra6 26. h4 Bd6 27. Bg5 Qc7 28. Qg4 Rf4
29. Qh5 Bg4 30. Qe8+ Rf8 31. Qxb5 Ra5 32. Qxa5 Qxa5 33. Nxe5 Bh5 34. Nd7 Re8
35. c3 Qxc3 36. Rc1 Qb4 37. d4 Qxd4 38. Nb6 h6 39. Nd7 hxg5 40. hxg5 Qh4 41. f4
Bxf4 42. Rxf4 Qxf4 43. Rf1 Qc7 44. Nf6 0-1

[Event "ICS rated blitz match"]
[Site "207.99.83.227"]
[Date "1999.03.25"]
[Round "?"]
[White "Hossa"]
[Black "TDChess"]
[Result "0-1"]
[WhiteElo "2419"]
[BlackElo "2626"]
[Annotator "Crafty v16.6"]
[PlyCount "90"]

{annotating for player Hossa using a scoring margin of +0.10 pawns. search
time limit is 12.00} 1. e4 1... e6 2. d4 d5 3. Nc3 Bb4 4. Qg4 Nf6 5. Qxg7 Rg8
6. Qh6 Rg6 7. Qh3 dxe4 8. Nge2 e5 9. Qe3 exd4 10. Nxd4 Qe7 11. Bd2 Bc5 12. Nce2
({8:-0.29} 12. Nce2 12... Ng4 13. Qb3 Rb6 14. Qa4+ Bd7 15. Qa5 Nc6 16. Qc3 $10)
({8:+0.41} 12. Na4 12... Nd5 13. Qb3 Bxd4 14. Qxd5 Rd6 15. Bb5+ Nd7 16. Qf5 $14
) 12... Ng4 13. Qc3 Nc6 14. h3 ({7:-1.74} 14. h3 14... Nxf2 15. Nxc6 Rxc6 16.
Rh2 Qf6 17. Qxf6 Rxf6 18. Nf4 $19) ({7:-0.67} 14. a3 14... Nxd4 15. Nxd4 Qe5
16. Be3 Nxh2 17. O-O-O Nxf1 18. Rdxf1 Rxg2 19. Rxh7 $15) 14... Nxf2 15. Nxc6
Rxc6 16. Qh8+ Qf8 17. Qxf8+ Kxf8 18. Rh2 e3 19. Bc3 Bf5 20. Nd4 Bxd4 21. Bxd4
Rxc2 22. Be2 Nd3+ 23. Kf1 Nc1 24. g4 Nxe2 25. Bxe3 Bd3 26. Rd1 Bc4 27. Bh6+ Kg8
28. Rd2 Nc3+ 29. Kg1 Rc1+ 30. Kg2 Nxa2 31. Rd7 Be6 32. Re7 Rc6 33. Bf4 Rc8 34.
Bd2 Kf8 35. Rxe6 fxe6 36. Kf3 Kg8 37. Be3 Rf8+ 38. Ke4 Rc4+ 39. Ke5 Nb4 40.
Kxe6 Re4+ 41. Kd7 Rf7+ 42. Kd8 c5 43. Bg5 Nc6+ 44. Kc8 Re8+ 45. Bd8 Rxd8# 0-1

[Event "ICS rated bullet match"]
[Site "207.99.83.227"]
[Date "1999.03.25"]
[Round "?"]
[White "Hossa"]
[Black "sienna"]
[Result "0-1"]
[WhiteElo "2450"]
[BlackElo "2728"]
[Annotator "Crafty v16.6"]
[PlyCount "114"]

{annotating for player Hossa using a scoring margin of +0.10 pawns. search
time limit is 12.00} 1. e4 1... c5 2. Bc4 e6 3. Nc3 Nc6 4. Nf3 Nf6 5. O-O Be7
6. e5 Ng4 7. Qe2 Qc7 8. Nb5 ({9:+0.40} 8. Nb5 8... Qb8 9. Re1 a6 10. Nd6+ Bxd6
11. exd6 b5 12. Bd5 Qxd6 13. Qe4 $14) ({9:+0.58} 8. Re1 8... O-O 9. Qe4 Nh6 10.
Nb5 Qd8 11. Nd6 Bxd6 12. exd6 12... Nf5 $14) 8... Qb8 9. Re1 a6 10. Nc3 b5 11.
h3 ({9:-0.47} 11. h3 11... Nxf2 12. Bb3 Nxh3+ 13. gxh3 c4 14. Bxc4 bxc4 15.
Qxc4 15... Qc7 $15) ({9:+0.09} 11. Bd3 11... c4 12. Be4 Ngxe5 13. Nxe5 Qxe5 14.
Bxc6 Qxe2 15. Bxd7+ Bxd7 16. Rxe2 $10) 11... Nxf2 12. Bb3 Nxh3+ 13. gxh3 c4 14.
Bxc4 bxc4 15. Qxc4 f5 16. Qf4 Nb4 17. Qg3 O-O 18. Rf1 Nxc2 19. Rb1 Bb7 20. Ne2
Bd5 21. b3 Bc5+ 22. Kh1 Qb5 23. Qg2 Ne1 24. Rxe1 Qd3 25. Nf4 Qxf3 26. Nxd5 Qxd5
27. Qxd5 exd5 28. Rf1 Rae8 29. Bb2 d4 30. Rbe1 Re6 31. h4 Rh6 32. Rf4 g5 33.
Rg1 g4 34. Kg2 Rxh4 35. Rgf1 Rh5 36. Bxd4 Bxd4 37. Rxd4 Re8 38. Rxd7 Rxe5 39.
Rf2 Kf8 40. Ra7 Re6 41. d4 Rc6 42. Kg3 h6 43. Rf1 Re6 44. d5 Re3+ 45. Kf4 Re4+
46. Kg3 Rh3+ 47. Kg2 f4 48. Kg1 f3 49. d6 Rg3+ 50. Kh1 Re2 51. Ra8+ Kf7 52.
Ra7+ Kf6 53. Rxf3+ gxf3 54. Rf7+ Kxf7 55. d7 Rh3+ 56. Kg1 Rg2+ 57. Kf1 Rh1# 0-1

[Event "ICS rated bullet match"]
[Site "207.99.83.227"]
[Date "1999.03.25"]
[Round "?"]
[White "PsychokillerNew"]
[Black "Hossa"]
[Result "1-0"]
[WhiteElo "2740"]
[BlackElo "2445"]
[Annotator "Crafty v16.6"]
[PlyCount "79"]

{annotating for player Hossa using a scoring margin of +0.10 pawns. search
time limit is 12.00} 1. e4 1... d6 2. d4 Nf6 3. Nc3 c6 ({8:-0.55} 3... c6 4.
Nf3 d5 5. e5 Ne4 6. Nxe4 dxe4 7. Ng5 7... Bf5 $14) ({8:-0.36} 3... Nc6 4. Bb5
Bd7 5. Nf3 a6 6. Bc4 Na5 7. Bd3 $14) 4. f4 d5 5. Qd3 Na6 6. a3 dxe4 7. Nxe4 Nc7
8. Nf3 Bg4 ({7:-0.34} 8... Bg4 9. Ne5 Nxe4 10. Qxe4 Be6 11. Be3 Bd5 12. Qf5 $14
) ({7:+0.04} 8... Qd5 9. Nxf6+ gxf6 10. c4 Qh5 11. Qb3 Bh6 12. Bd3 12... Qg4
$10) 9. Ne5 Nxe4 10. Qxe4 Be6 11. Bd3 Bd5 ({8:-0.34} 11... Bd5 12. Qe2 g6 13.
c4 Be6 14. Be3 f6 15. Ng4 $14) ({8:+0.02} 11... g6 12. Bd2 Bg7 13. O-O-O Bf5
14. Qe2 Bxd3 15. Qxd3 15... O-O $10) 12. Qe2 Ne6 ({8:-0.76} 12... Ne6 13. Be3
Nc7 14. O-O-O g6 15. Kb1 f6 16. Nc4 $16) ({8:-0.31} 12... g6 13. Be3 f6 14. Ng4
Qd7 15. c4 Be6 16. h3 $14) 13. Be3 b5 14. O-O Qb6 ({9:-1.20} 14... Qb6 15. Nxc6
Bxc6 16. d5 Nd4 17. Qf2 Bxd5 18. Bxd4 18... Qb7 $16) ({9:-1.00} 14... Nc7 15.
b3 Qd6 16. c4 bxc4 17. bxc4 Be6 18. f5 Bd7 19. Nxd7 19... Qxd7 $16) 15. c3 Rd8
16. Rfe1 g6 17. f5 gxf5 18. Bxf5 Ng7 19. Bd3 Qc7 20. Qc2 h6 21. c4 bxc4 22.
Bxc4 e6 23. Rac1 Bxc4 24. Qxc4 Nf5 25. Nxc6 Rd7 26. Qa4 Nxe3 27. Ne5 Qb7 28.
Rxe3 Rg8 29. Rf3 f5 30. Rc6 Kd8 31. Rb3 Qa8 32. Nxd7 Rxg2+ 33. Kxg2 Kxd7 34. d5
Kd8 35. Qa5+ Ke7 36. Qc7+ Kf6 37. Rxe6+ Kg5 38. Rg3+ Kh5 39. Rh3+ Kg5 40. Qg3#
1-0

[Event "ICS rated bullet match"]
[Site "207.99.83.227"]
[Date "1999.03.25"]
[Round "?"]
[White "TDChess"]
[Black "Hossa"]
[Result "1-0"]
[WhiteElo "2642"]
[BlackElo "2440"]
[Annotator "Crafty v16.6"]
[PlyCount "129"]

{annotating for player Hossa using a scoring margin of +0.10 pawns. search
time limit is 12.00} 1. Nf3 1... Nc6 2. e4 Nf6 3. e5 Ng4 4. d4 d6 5. Bb5 dxe5
6. h3 e4 7. hxg4 exf3 8. Bxc6+ bxc6 9. Qxf3 Bb7 10. Be3 Rb8 ({9:-0.49} 10...
Rb8 11. Nc3 e6 12. O-O-O Bb4 13. Rd3 O-O 14. Qe4 14... h6 $14) ({9:-0.26} 10...
e6 11. Nd2 Qd5 12. Rh5 Qxf3 13. Nxf3 Bb4+ 14. Bd2 Be7 15. Ng5 15... Rd8 $10)
11. Nc3 e6 12. O-O-O Bb4 13. Bf4 c5 14. Qg3 Bxc3 ({8:-1.87} 14... Bxc3 15. Bxc7
Bxb2+ 16. Kxb2 Bxg2+ 17. Bxb8 Bxh1 18. Rxh1 Qb6+ 19. Kc1 19... cxd4 $18) ({
8:-1.45} 14... Rc8 15. dxc5 Qf6 16. Be5 Qg5+ 17. f4 Qg6 18. Nb5 O-O 19. Nxa7
$16) 15. Qxc3 Bxg2 16. Rh5 Bd5 17. Qxc5 Rb7 18. Re1 c6 19. Kb1 Rb5 20. Qc3 O-O
21. a4 Ra5 22. Bd6 Re8 23. Qa3 Bf3 24. Rxa5 Qxa5 25. Re5 Bd5 26. Bb4 Qa6 27.
Re1 Qc4 28. Bc5 a5 29. f3 e5 30. f4 e4 31. Kc1 e3 32. g5 Be4 33. Qc3 Qxa4 34.
Rxe3 Qa1+ 35. Kd2 Qf1 36. Bd6 Re6 37. Be5 Qf2+ 38. Re2 Qf3 39. Qxa5 Re8 40. Bd6
Qf1 41. Qc5 Re6 42. Qa7 h5 43. gxh6 Qb1 44. Kc3 gxh6 45. Be5 Bd5 46. Qb8+ Kh7
47. Qh8+ Kg6 48. Qg7+ Kf5 49. Qxf7+ Kg4 50. f5 Qf1 51. fxe6 Qxe2 52. Qg6+ Kh4
53. Qxh6+ Kg4 54. Qf4+ Kh5 55. e7 Qc4+ 56. Kd2 Bf7 57. Qf5+ Kh6 58. Bf4+ Kg7
59. Qg5+ Kh7 60. Be5 Qb4+ 61. Kd1 Qxd4+ 62. Bxd4 Bg6 63. Qh4+ Bh5+ 64. Qxh5+
Kg8 65. e8=Q# 1-0

[Event "ICS rated blitz match"]
[Site "207.99.83.227"]
[Date "1999.03.25"]
[Round "?"]
[White "razzle"]
[Black "Hossa"]
[Result "1-0"]
[WhiteElo "2666"]
[BlackElo "2412"]
[Annotator "Crafty v16.6"]
[PlyCount "63"]

{annotating for player Hossa using a scoring margin of +0.10 pawns. search
time limit is 12.00} 1. e4 1... c5 2. Nf3 Nc6 3. d4 cxd4 4. Nxd4 Qb6 5. Nxc6
Qxc6 6. Nc3 Nf6 7. Bb5 Qc7 8. Qf3 e5 ({8:-0.88} 8... e5 9. Qg3 Qd6 10. O-O Qd4
11. Be3 Nxe4 12. Qxg7 Bxg7 13. Bxd4 $16) ({8:-0.49} 8... e6 9. Bh6 Qe5 10. Bf4
Qh5 11. Qxh5 Nxh5 12. Bc7 12... Bb4 $14) 9. Qg3 a6 10. Be2 b5 11. O-O Bb7 12.
Bf3 b4 13. Nd5 Bxd5 14. exd5 d6 15. Bg5 Qxc2 ({8:-1.14} 15... Qxc2 16. Bxf6
gxf6 17. Qh4 Bg7 18. Qxb4 Qc7 19. Rac1 19... Qd7 $16) ({8:-0.90} 15... Be7 16.
Rac1 O-O 17. Bh6 Ne8 18. Qg4 Qc8 19. Qg3 $16) 16. Bxf6 gxf6 17. Qh4 Qxb2 18.
Qxf6 Rg8 19. Bd1 Qa3 20. Bh5 Rg7 21. Rfb1 Qc3 22. Rc1 Qb2 23. Bd1 Qa3 24. Rc7
Qa5 25. Rac1 Rd8 26. Bg4 Qb5 27. Rc8 Qb6 28. R1c7 Qxc7 29. Rxc7 b3 30. Bd7+
Rxd7 31. Rc8+ Rd8 32. Rxd8# 1-0

[Event "ICS rated blitz match"]
[Site "207.99.83.227"]
[Date "1999.03.25"]
[Round "?"]
[White "TDChess"]
[Black "Hossa"]
[Result "1-0"]
[WhiteElo "2632"]
[BlackElo "2406"]
[Annotator "Crafty v16.6"]
[PlyCount "117"]

{annotating for player Hossa using a scoring margin of +0.10 pawns. search
time limit is 12.00} 1. Nf3 1... Nc6 2. e4 Nf6 3. e5 Ng4 4. d4 d6 5. Bb5 dxe5
6. h3 e4 7. hxg4 exf3 8. Qxf3 Bd7 9. Be3 Nxd4 10. Bxd4 Bxb5 11. Qxb7 Bd7 12. f3
a6 ({9:-0.92} 12... a6 13. Nd2 c5 14. Bxc5 Rb8 15. Qxa6 Rxb2 16. Qd3 16... Qc7
$16) ({9:-0.70} 12... c5 13. Bxc5 Rb8 14. Qxa7 Rxb2 15. Na3 Bc6 16. Bd4 16...
Rb4 $14) 13. Nd2 Rb8 14. Qxa6 Bxg4 15. Qc6+ Bd7 16. Qc3 f6 17. O-O-O e5 18. Be3
Be7 19. Ne4 O-O 20. Qd3 f5 21. Qxd7 Qxd7 22. Rxd7 fxe4 23. Rxe7 exf3 24. gxf3
Rxf3 25. Re1 Ra8 26. Kb1 Rf7 27. Rxe5 h6 28. Bc5 Ra5 29. Rd1 g6 30. Re8+ Kh7
31. Bd4 g5 32. Rh1 Rd7 33. Rh8+ Kg6 34. R8xh6+ Kf5 35. Rf1+ Kg4 36. Rg1+ Kf4
37. Rf6+ Rf5 38. Rf1+ Kg4 39. R6xf5 Rxd4 40. Rc5 Rd7 41. a4 Kh4 42. Rh1+ Kg4
43. a5 Rd6 44. Rg1+ Kf4 45. Rgxg5 Rd1+ 46. Ka2 Rd7 47. a6 Rd6 48. Rcf5+ Ke4 49.
a7 Rd8 50. Ra5 Ke3 51. a8=Q Rxa8 52. Rxa8 c6 53. Rc5 Ke4 54. Re8+ Kf4 55. Re6
Kf3 56. Rf5+ Kg3 57. Rg6+ Kh4 58. Rc5 Kh3 59. Rh5# 1-0

[Event "ICS rated bullet match"]
[Site "207.99.83.227"]
[Date "1999.03.25"]
[Round "?"]
[White "Hossa"]
[Black "sienna"]
[Result "0-1"]
[WhiteElo "2432"]
[BlackElo "2724"]
[Annotator "Crafty v16.6"]
[PlyCount "130"]

{annotating for player Hossa using a scoring margin of +0.10 pawns. search
time limit is 12.00} 1. e4 1... c5 2. Bc4 e6 3. Nc3 a6 4. a4 ({9:+0.06} 4. a4
4... Nf6 5. e5 d5 6. exd6 Bxd6 7. Nf3 Nc6 8. O-O 8... O-O $10) ({9:+0.32} 4.
Nf3 4... Nc6 5. d4 b5 6. Be2 b4 7. Na4 cxd4 8. Nxd4 8... Nge7 $14) 4... Nc6 5.
Nf3 Qc7 6. O-O Nd4 7. d3 Bd6 8. h3 ({9:-0.09} 8. h3 8... Nf6 9. Nxd4 cxd4 10.
Ne2 Qc5 11. c3 dxc3 12. Be3 cxb2 13. Bxc5 bxa1=Q 14. Qxa1 14... Bxc5 $10) ({
9:+0.15} 8. Kh1 8... Ne7 9. Nxd4 cxd4 10. Ne2 Qc5 11. b4 Qxb4 12. Nxd4 12...
O-O $10) 8... Nxf3+ 9. Qxf3 Nf6 10. Bg5 Bh2+ 11. Kh1 Be5 12. Bxf6 ({8:-0.54} 
12. Bxf6 12... Bxf6 13. Qh5 Qe5 14. Qxe5 Bxe5 15. Kg1 O-O 16. Rae1 16... Bf4
$15) ({8:-0.18} 12. Kg1 12... O-O 13. Rfe1 Qd6 14. Rad1 Qd4 15. Be3 15... Qd6
$10) 12... Bxf6 13. Qh5 O-O 14. f4 ({8:-0.89} 14. f4 14... Bd4 15. Nd1 a5 16.
c3 Bf6 17. e5 17... Be7 $17) ({8:-0.72} 14. Kg1 14... d6 15. Rfb1 Qd8 16. Re1
e5 17. Nd5 17... Bg5 $17) 14... d6 15. f5 exf5 16. Nd5 Qd8 17. c3 g6 18. Qf3
Bg5 19. exf5 Bxf5 20. Rae1 b6 21. b3 Be6 22. Kg1 Kh8 23. Re2 Bh4 24. b4 Bg5 25.
d4 Kg8 26. bxc5 bxc5 27. Ref2 Qa5 28. Qg3 Qd8 29. Rb2 cxd4 30. cxd4 Re8 31.
Rbb1 Ra7 32. Rb3 Kh8 33. Rbf3 Rd7 34. Ba2 Bh4 35. Qf4 Bf5 36. Bc4 Bg5 37. Qg3
Ra7 38. Qf2 Qd7 39. h4 Bd8 40. Ra1 Re4 41. Rf4 Qe8 42. a5 Ra8 43. Kh1 Kg8 44.
Rf1 Ra7 45. Qg3 Qc6 46. Bb3 Rxf4 47. Rxf4 Kf8 48. Ne3 Bd3 49. Qf2 f5 50. d5
Qc1+ 51. Nd1 Rb7 52. Ba4 Bxa5 53. Rd4 Bb6 54. Qf4 Qc5 55. Qh6+ Kg8 56. Bd7 Rxd7
57. h5 Qxd4 58. Qe3 Qxe3 59. Nxe3 Bxe3 60. g3 Be4+ 61. Kh2 Rc7 62. g4 Rc2+ 63.
Kh3 Bf4 64. gxf5 Bxf5+ 65. Kh4 Rh2# 0-1

[Event "ICS rated blitz match"]
[Site "207.99.83.227"]
[Date "1999.03.25"]
[Round "?"]
[White "Hossa"]
[Black "TDChess"]
[Result "0-1"]
[WhiteElo "2399"]
[BlackElo "2641"]
[Annotator "Crafty v16.6"]
[PlyCount "106"]

{annotating for player Hossa using a scoring margin of +0.10 pawns. search
time limit is 12.00} 1. e4 1... e6 2. d4 d5 3. Nc3 Bb4 4. Qg4 Nf6 5. Qxg7 Rg8
6. Qh6 Rg6 7. Qh3 dxe4 8. Nge2 e5 9. Qe3 exd4 10. Nxd4 Qe7 11. Bd2 Bc5 12. Nce2
({8:-0.29} 12. Nce2 12... Ng4 13. Qb3 Rb6 14. Qa4+ Bd7 15. Qa5 Nc6 16. Qc3 $10)
({8:+0.41} 12. Na4 12... Nd5 13. Qb3 Bxd4 14. Qxd5 Rd6 15. Bb5+ Nd7 16. Qf5 $14
) 12... Ng4 13. Qc3 Nc6 14. h3 ({7:-1.74} 14. h3 14... Nxf2 15. Nxc6 Rxc6 16.
Rh2 Qf6 17. Qxf6 Rxf6 18. Nf4 $19) ({7:-0.67} 14. a3 14... Nxd4 15. Nxd4 Qe5
16. Be3 Nxh2 17. O-O-O Nxf1 18. Rdxf1 Rxg2 19. Rxh7 $15) 14... Nxf2 15. Nxc6
Rxc6 16. Qh8+ Qf8 17. Qxf8+ Kxf8 18. Rh2 e3 19. Bc3 Bf5 20. Nd4 Bxd4 21. Bxd4
Rxc2 22. Be2 Nd3+ 23. Kf1 Nc1 24. g4 Nxe2 25. Bxe3 Bd3 26. Rd1 Bc4 27. Bh6+ Kg8
28. Rd2 Nc3+ 29. Kg1 Rc1+ 30. Kg2 Nxa2 31. Rd7 Bb5 32. Re7 Rc6 33. Bf4 Rc8 34.
Kg3 Bc4 35. Rd2 Be6 36. Kf3 Kf8 37. Bg5 Nb4 38. Kg3 Rb6 39. Re2 Nd5 40. R7xe6
fxe6 41. Kh4 Rb3 42. Bc1 Kf7 43. Bg5 Re8 44. Rd2 Kg6 45. Rf2 e5 46. Bc1 Nf4 47.
Bxf4 exf4 48. Rg2 Ree3 49. Rh2 Rg3 50. Rh1 Rxb2 51. g5 h6 52. gxh6 Rb5 53. Rf1
Rh5# 0-1

[Event "ICS rated blitz match"]
[Site "207.99.83.227"]
[Date "1999.03.25"]
[Round "?"]
[White "Hossa"]
[Black "razzle"]
[Result "0-1"]
[WhiteElo "2398"]
[BlackElo "2666"]
[Annotator "Crafty v16.6"]
[PlyCount "97"]

{annotating for player Hossa using a scoring margin of +0.10 pawns. search
time limit is 12.00} 1. e4 1... e5 2. Nf3 Nf6 3. Nc3 Nc6 4. Bc4 Bc5 5. O-O d6
6. d3 Na5 7. Bg5 Nxc4 8. dxc4 Be6 9. Nd5 ({8:-0.97} 9. Nd5 9... c6 10. b4 cxd5
11. cxd5 Bxb4 12. dxe6 12... fxe6 $17) ({8:-0.24} 9. Qd3 9... h6 10. Bxf6 Qxf6
11. Nd5 Bxd5 12. Qxd5 c6 13. Qd3 13... Qf4 $10) 9... c6 10. Bxf6 ({9:-0.97} 10.
Bxf6 10... gxf6 11. b4 cxd5 12. cxd5 Bxb4 13. dxe6 fxe6 14. Rb1 14... a5 $17) (
{9:-0.60} 10. b4 10... Bxd5 11. cxd5 Bxb4 12. dxc6 bxc6 13. c3 Bc5 14. Qa4 Qd7
15. Qc4 $15) 10... gxf6 11. b4 cxd5 12. cxd5 Bxb4 13. Rb1 Qa5 14. dxe6 fxe6 15.
Qd3 d5 16. Qb3 Be7 17. Qxb7 Kf7 18. exd5 Qxd5 19. Qa6 Rhc8 20. Rbd1 Qc4 21.
Qxc4 Rxc4 22. Rd2 e4 23. Ne1 Rb8 24. h4 Rb2 25. a3 Ke8 26. Rd1 Bxa3 27. Ra1 Bc5
28. Kh2 Ke7 29. g4 f5 30. gxf5 exf5 31. Ra6 Bb6 32. h5 f4 33. Kg2 f3+ 34. Kg3
Rb1 35. Ra2 Rd4 36. c3 Rdd1 37. Ra4 Bc7+ 38. Kg4 Rxe1 39. Rxe1 Rxe1 40. Rxa7
Rg1+ 41. Kf5 e3 42. Rxc7+ Kd6 43. Rxh7 exf2 44. Rh6+ Kc5 45. Rh8 f1=Q 46. Rc8+
Kd6 47. Kf6 Qa6 48. Re8 Kd7+ 49. Ke5 0-1